| 000 | 00646nam a2200193Ia 4500 | ||
|---|---|---|---|
| 005 | 20250326141018.0 | ||
| 008 | 250326s9999 xx 000 0 und d | ||
| 037 | _aTextbook | ||
| 040 |
_aFMSL _beng _cFMSL |
||
| 041 |
_aeng _2eng |
||
| 084 |
_aT(X:8) P0.1;1 _qFMSL |
||
| 100 | _aLynton Rolf P | ||
| 245 | 0 |
_aTraining for organizational transformation: pt.1, For policy-makers and change managers _cLynton Rolf P; Udai Pareek |
|
| 260 |
_aNew Delhi _bNew Delhi, Sage publications _c2000 |
||
| 300 | _a308p | ||
| 490 | _vPart 1: For policy-makers and change managers | ||
| 942 |
_cTB _hT(X:8) P0.1;1 |
||
| 999 |
_c1288292 _d1288292 |
||